00715nam a2200241 a 4500001001300000003000900013005001700022008004100039020001000080082002000090100002100110245003300131260003900164300001000203500003500213505002400248650003000272700002100302902000800323942000700331952012000338999001500458nice12345678IN_TiNIC20260116011933.0050524s1366 teha grp 000 0 per  ac10000a297.122555bBAS aBaseer-Ul-, Mulk aQuran Majid Ba Tarjuma Farsi aTehranbIlmi Press Danishgahc1366 a477p. aincludes index and biblioraphy2 aBibliography, index aQuran-Translation-Persian1 aBaseer-Ul-, Mulk bSRS cBK 001040708StackRoom-aHMIbHMId2007-07-31g100.00l0o297.122555 BASp09718r2007-07-31v100.00w2005-05-24yBK c4972d4972